Presente y futuro (Record no. 53545)
[ view plain ]
| 000 -LEADER | |
|---|---|
| campo de control de longitud fija | 01147nam a22002655i 4500 |
| 001 - NÚMERO DE CONTROL | |
| campo de control | 53545 |
| 003 - IDENTIFICADOR DE NÚMERO DE CONTROL | |
| campo de control | ES-MaACL |
| 005 - FECHA Y HORA DE LA ÚLTIMA TRANSACCIÓN | |
| campo de control | 20251118153330.0 |
| 007 - CAMPO FIJO DE DESCRIPCIÓN FÍSICA--INFORMACIÓN GENERAL | |
| campo de control de longitud fija | t| |
| 008 - DATOS DE LONGITUD FIJA--INFORMACIÓN GENERAL | |
| campo de control de longitud fija | 960701s1897 sp a ||||1| spa d |
| 040 ## - FUENTE DE CATALOGACIÓN | |
| Centro catalogador/agencia de origen | CAM |
| Lengua de catalogación | spa |
| Centro/agencia transcriptor | CAM |
| 080 ## - NÚMERO DE LA CLASIFICACIÓN DECIMAL UNIVERSAL | |
| Número de la Clasificación Decimal Universal | 821.134.2-32"18" |
| 100 1# - ENTRADA PRINCIPAL--NOMBRE DE PERSONA | |
| Nombre de persona | Fabra, Nilo María, |
| Fechas asociadas al nombre | 1841-1903 |
| 9 (RLIN) | 48523 |
| 245 10 - MENCIÓN DEL TÍTULO | |
| Título | Presente y futuro |
| Resto del título | : nuevos cuentos / |
| Mención de responsabilidad, etc. | Nilo María Fabra ; ilustraciones de Méndez Bringa, A. de Caula y B. Gili y Roig. |
| 260 ## - PUBLICACIÓN, DISTRIBUCIÓN, ETC. | |
| Lugar de publicación, distribución, etc. | Barcelona : |
| Nombre del editor, distribuidor, etc. | Juan Gili librero, |
| Fecha de publicación, distribución, etc. | 1897 ( |
| Fabricante | establecimiento tipo-litrográfico de Espasa y compañía) |
| 300 ## - DESCRIPCIÓN FÍSICA | |
| Extensión | 188, [1] p. : |
| Otras características físicas | il. ; |
| Dimensiones | 19 cm. |
| 490 1# - MENCIÓN DE SERIE | |
| Mención de serie | Colección Elzevir ilustrada ; |
| Designación de volumen o secuencia | 4 |
| 505 8# - NOTA DE CONTENIDO CON FORMATO | |
| Nota de contenido con formato | Contiene: La guerra de España con los Estados Unidos ; Recuerdos de otra vida ; El futuro ayuntamiento de Madrid ; Teitán el soberano ; El premio grande |
| 700 1# - ENTRADA AGREGADA--NOMBRE PERSONAL | |
| Nombre de persona | Méndez Bringa, Narciso, |
| Fechas asociadas al nombre | 1868-1933 |
| 9 (RLIN) | 153339 |
| 700 1# - ENTRADA AGREGADA--NOMBRE PERSONAL | |
| Nombre de persona | Caula y Cornejo, Antonio, |
| Fechas asociadas al nombre | n. 1847 |
| 9 (RLIN) | 37108 |
| 700 1# - ENTRADA AGREGADA--NOMBRE PERSONAL | |
| Nombre de persona | Gili i Roig, Baldomer, |
| Fechas asociadas al nombre | 1873-1927 |
| 9 (RLIN) | 153340 |
| 830 0# - PUNTO DE ACCESO ADICIONAL DE SERIE-TÍTULO UNIFORME | |
| Título uniforme | Colección Elzevir ilustrada ; |
| Designación de volumen o secuencia | 4 |
| 9 (RLIN) | 182446 |
| 852 ## - LOCALIZACIÓN | |
| Ubicación | ES-MaACL |
| Número de control de estantería | D-2340 |
| Estatus retirado | Estado de pérdida | Estado de daño | No para préstamo | Colección | Biblioteca de origen | Biblioteca actual | Ubicación en estantería | Fecha de adquisición | Fuente de adquisición | Total de préstamos | Signatura topográfica completa | Código de barras | Visto por última vez | Precio de reemplazo | Tipo de ítem Koha |
|---|---|---|---|---|---|---|---|---|---|---|---|---|---|---|---|
| Libros del s. XIX | Biblioteca del Ateneo de Madrid | Biblioteca del Ateneo de Madrid | Sala Valle Inclán | 17/01/2008 | D-2340 | 901056266 | 23/02/2023 | 23/02/2023 | Libro impreso antiguo |
